header

Teaching kids to love the earth (Record no. 243588)

MARC details
000 -LEADER
fixed length control field 01345nam a2200361Ia 4500
082 04 - DEWEY DECIMAL CLASSIFICATION NUMBER
Classification number 508
245 00 - TITLE STATEMENT
Title Teaching kids to love the earth
260 ## - PUBLICATION, DISTRIBUTION, ETC. (IMPRINT)
Place of publication Duluth, Minn. :
Name of publisher Pfeifer-Hamilton,
Year of publication c1991.
300 ## - PHYSICAL DESCRIPTION
Number of Pages 175 p. :
Other physical details ill.
650 #0 - SUBJECT ADDED ENTRY--TOPICAL TERM
Topical Term Environmental sciences.
Topical Term Nature study
700 1# - ADDED ENTRY--PERSONAL NAME
Personal name Lachecki, Marina.
Personal name Olson, Carolyn,
856 40 - ELECTRONIC LOCATION AND ACCESS
Uniform Resource Identifier http://site.ebrary.com/lib/rucke/Doc?id=10159619

No items available.

© 2026 Rongo University
Contact us: librarian | system librarian | Rongo university